[Event "VIE-ch U13"]
[Site "Da Lat"]
[Date "2013.07.??"]
[Round "5"]
[White "Huynh, Van Huy"]
[Black "Nguyen Dang Hong, Phuc"]
[Result "1/2-1/2"]
[WhiteElo "1975"]
[BlackElo "1859"]
[PlyCount "67"]
[EventDate "2013.07.13"]
[EventType "swiss"]
[EventRounds "9"]
[EventCountry "VIE"]
[SourceTitle "EXT 2014"]
[Source "ChessBase"]
[SourceDate "2013.11.20"]
[SourceVersion "1"]
[SourceVersionDate "2013.11.20"]
[SourceQuality "1"]

1. c4 Nf6 2. Nc3 g6 3. g3 Bg7 4. Bg2 0-0 5. Nf3 d6 6. 0-0 Nc6 7. d3 e5 8. Rb1 a5 9. a3 Be6 10. Ng5 Bd7 11. b4 axb4 12. axb4 Qe7 13. Bd2 h6 14. Nge4 Nxe4 15. Bxe4 Bh3 16. Nd5 Qd7 17. Bg2 Bxg2 18. Kxg2 f5 19. e3 Rae8 20. f4 Nd8 21. b5 exf4 22. exf4 Ne6 23. Re1 Bd4 24. Be3 Bxe3 25. Rxe3 c6 26. bxc6 bxc6 27. Nb6 Qa7 28. Qe1 Kf7 29. Rb2 Nd4 30. c5 d5 31. Qd2 Qa3 32. Re5 Rxe5 33. fxe5 Ke6 34. Rb4 1/2-1/2

[Event "VIE-ch U13"]
[Site "Da Lat"]
[Date "2013.07.??"]
[Round "3"]
[White "Nguyen, Dinh Trung"]
[Black "Nguyen Dang Hong, Phuc"]
[Result "1/2-1/2"]
[WhiteElo "1751"]
[BlackElo "1859"]
[PlyCount "100"]
[EventDate "2013.07.13"]
[EventType "swiss"]
[EventRounds "9"]
[EventCountry "VIE"]
[SourceTitle "EXT 2014"]
[Source "ChessBase"]
[SourceDate "2013.11.20"]
[SourceVersion "1"]
[SourceVersionDate "2013.11.20"]
[SourceQuality "1"]

1. d4 Nf6 2. c4 g6 3. Nc3 Bg7 4. Bf4 d6 5. Nf3 Nbd7 6. e3 b6 7. Be2 h6 8. Qc2 Nh5 9. Bg3 Bb7 10. Nh4 Nhf6 11. f4 e6 12. Bf3 Bxf3 13. Nxf3 0-0 14. 0-0 Qe7 15. Bh4 c6 16. e4 e5 17. fxe5 dxe5 18. d5 Rac8 19. b3 g5 20. dxc6 Rxc6 21. Bg3 Nh5 22. Nd5 Qe6 23. Bf2 Ndf6 24. Rad1 Kh8 25. Be3 Rfc8 26. a4 Nf4 27. Bxf4 gxf4 28. Nh4 a6 29. Nf5 Rc5 30. Nxf6 Qxf6 31. Rd6 Qg5 32. Rxb6 a5 33. Qd2 Bf8 34. Rb7 Rd8 35. Rd7 Rcc8 36. Rxd8 Qxd8 37. Qc3 Qb6+ 38. Kh1 f6 39. Qh3 Rb8 40. Rb1 Qe6 41. Qd3 Qb6 42. Qe2 Qc7 43. Nh4 Bg7 44. Nf3 Bf8 45. Qc2 Qb6 46. h3 Qe3 47. Kh2 Kg7 48. Qd2 Qxd2 49. Nxd2 Rd8 50. Rb2 Rd3 1/2-1/2

[Event "VIE-ch U13"]
[Site "Da Lat"]
[Date "2013.07.??"]
[Round "9"]
[White "Nguyen, Viet Huy"]
[Black "Nguyen Dang Hong, Phuc"]
[Result "1-0"]
[WhiteElo "1656"]
[BlackElo "1859"]
[PlyCount "81"]
[EventDate "2013.07.13"]
[EventType "swiss"]
[EventRounds "9"]
[EventCountry "VIE"]
[SourceTitle "EXT 2014"]
[Source "ChessBase"]
[SourceDate "2013.11.20"]
[SourceVersion "1"]
[SourceVersionDate "2013.11.20"]
[SourceQuality "1"]

1. d4 Nf6 2. Nf3 g6 3. Bf4 Bg7 4. e3 d6 5. h3 0-0 6. c3 Nbd7 7. Nbd2 b6 8. Be2 Bb7 9. 0-0 Qe8 10. Bh2 e5 11. Ne1 Qe7 12. Nc4 e4 13. a4 a5 14. Nc2 Nd5 15. f3 exf3 16. Bxf3 f5 17. Re1 N7f6 18. N2a3 Ne4 19. Qb3 Ng5 20. Nd2 Nxf3+ 21. Nxf3 Kh8 22. c4 Nb4 23. Nb5 Be4 24. Re2 Bd3 25. Ree1 Rac8 26. Na7 Rcd8 27. Nc6 Nxc6 28. Qxd3 Nb4 29. Qd2 Rfe8 30. Bf4 Bf6 31. d5 c6 32. h4 Bxh4 33. Nxh4 Qxh4 34. e4 Rd7 35. Bg5 Qg3 36. exf5 Rf8 37. Bh6 Rc8 38. Ra3 Qg4 39. Rae3 Rdd8 40. Re4 Qg3 41. R1e3 1-0

[Event "VIE-ch U13"]
[Site "Da Lat"]
[Date "2013.07.??"]
[Round "6"]
[White "Nguyen Dang Hong, Phuc"]
[Black "Hoang, Tan Duc"]
[Result "1-0"]
[WhiteElo "1859"]
[BlackElo "1633"]
[PlyCount "91"]
[EventDate "2013.07.13"]
[EventType "swiss"]
[EventRounds "9"]
[EventCountry "VIE"]
[SourceTitle "EXT 2014"]
[Source "ChessBase"]
[SourceDate "2013.11.20"]
[SourceVersion "1"]
[SourceVersionDate "2013.11.20"]
[SourceQuality "1"]

1. d4 e6 2. g3 d5 3. Nf3 Nf6 4. Bg2 c5 5. c4 Nc6 6. 0-0 Be7 7. dxc5 Bxc5 8. a3 0-0 9. Qc2 Bb6 10. Rd1 Qe7 11. Nbd2 Bd7 12. b4 Nd4 13. Nxd4 Bxd4 14. Bb2 Bxb2 15. Qxb2 Ba4 16. Rdc1 Bc6 17. cxd5 Bxd5 18. e4 Bc6 19. b5 Bd7 20. Nc4 Rac8 21. e5 Nd5 22. Nd6 Rxc1+ 23. Rxc1 f6 24. Qd4 fxe5 25. Qxe5 Qf6 26. Qxf6 Rxf6 27. a4 b6 28. Nc8 Bxc8 29. Rxc8+ Rf8 30. Rc6 Re8 31. Rxe6 Nf6 32. Rxe8+ Nxe8 33. f4 Kf7 34. Kf2 Ke6 35. Ke3 Nc7 36. Kd4 Kd6 37. f5 a6 38. Bc6 axb5 39. axb5 g6 40. g4 h5 41. h3 hxg4 42. hxg4 gxf5 43. gxf5 Ke7 44. Ke5 Kf7 45. Kd6 Nxb5+ 46. Bxb5 1-0

[Event "VIE-ch U13"]
[Site "Da Lat"]
[Date "2013.07.??"]
[Round "4"]
[White "Nguyen Dang Hong, Phuc"]
[Black "Nguyen, Cong Tai"]
[Result "1/2-1/2"]
[WhiteElo "1859"]
[BlackElo "1757"]
[PlyCount "37"]
[EventDate "2013.07.13"]
[EventType "swiss"]
[EventRounds "9"]
[EventCountry "VIE"]
[SourceTitle "EXT 2014"]
[Source "ChessBase"]
[SourceDate "2013.11.20"]
[SourceVersion "1"]
[SourceVersionDate "2013.11.20"]
[SourceQuality "1"]

1. d4 Nf6 2. Bg5 g6 3. Bxf6 exf6 4. g3 Bg7 5. Bg2 0-0 6. e3 d6 7. Ne2 Nd7 8. 0-0 c5 9. c4 Rb8 10. Nbc3 a6 11. a4 f5 12. Qc2 b6 13. Rad1 Bb7 14. Bxb7 Rxb7 15. Nf4 Bf6 16. Rd2 Qb8 17. Rfd1 Rd8 18. Nfe2 Qc7 19. b3 1/2-1/2

[Event "VIE-ch"]
[Site "Ho Chi Minh City"]
[Date "2013.04.17"]
[Round "5"]
[White "Vo, Kim Cang"]
[Black "Nguyen Dang Hong, Phuc"]
[Result "1-0"]
[WhiteElo "1689"]
[BlackElo "1864"]
[PlyCount "139"]
[EventDate "2013.04.15"]
[EventType "swiss"]
[EventRounds "7"]
[EventCountry "VIE"]
[SourceTitle "CBM 154 Extra"]
[Source "ChessBase"]
[SourceDate "2013.06.25"]
[SourceVersion "2"]
[SourceVersionDate "2013.06.25"]
[SourceQuality "1"]

1. e4 c5 2. Nc3 d6 3. f4 Nc6 4. Bb5 Nf6 5. Bxc6+ bxc6 6. Nf3 g6 7. d3 Rb8 8. Rb1 Bg7 9. Bd2 0-0 10. 0-0 Bd7 11. b3 Ne8 12. Qe1 Nc7 13. Qh4 e6 14. Qxd8 Rfxd8 15. Na4 Bf8 16. e5 d5 17. c4 Na6 18. Ba5 Rdc8 19. g4 Be7 20. g5 Nb4 21. Bxb4 cxb4 22. c5 Rc7 23. d4 Bc8 24. Rf2 Ba6 25. h3 Bf8 26. Nh2 h5 27. gxh6 Bxh6 28. Ng4 Bg7 29. Nf6+ Kf8 30. Nb2 Ke7 31. Ng4 Rh8 32. Rh2 Rb7 33. Nd1 Bb5 34. Ndf2 Rh5 35. Nh1 Bd3 36. Rd1 Bf5 37. Ng3 Rh4 38. Kg2 Rb5 39. Rdh1 Rb8 40. Kf3 Bd3 41. Ne3 Rbh8 42. Ng2 R4h7 43. h4 a6 44. Ne1 Bb1 45. Ke3 f6 46. Nf3 Bf5 47. h5 gxh5 48. Nh4 Kf7 49. Nhxf5 exf5 50. Nxf5 fxe5 51. dxe5 Bf8 52. Kd4 Be7 53. Nd6+ Bxd6 54. cxd6 h4 55. Rh3 Ke6 56. Kc5 a5 57. Rf1 Rh5 58. f5+ Rxf5 59. Rxf5 Kxf5 60. Kxc6 Kxe5 61. d7 d4 62. Kc7 Ke4 63. d8Q Rxd8 64. Rxh4+ Ke3 65. Kxd8 d3 66. Kc7 d2 67. Rh1 Kd3 68. Kb6 a4 69. bxa4 Kc2 70. Kb5 1-0

[Event "VIE-ch"]
[Site "Ho Chi Minh City"]
[Date "2013.04.15"]
[Round "1"]
[White "Nguyen Dang Hong, Phuc"]
[Black "Vo, Thanh Ninh"]
[Result "0-1"]
[WhiteElo "1864"]
[BlackElo "2299"]
[PlyCount "100"]
[EventDate "2013.04.15"]
[EventType "swiss"]
[EventRounds "7"]
[EventCountry "VIE"]
[SourceTitle "CBM 154 Extra"]
[Source "ChessBase"]
[SourceDate "2013.06.25"]
[SourceVersion "2"]
[SourceVersionDate "2013.06.25"]
[SourceQuality "1"]

1. d4 Nf6 2. g3 e6 3. Nf3 d5 4. c4 Bb4+ 5. Bd2 Be7 6. Qc2 0-0 7. Bg2 c6 8. 0-0 b6 9. b3 Ba6 10. Bf4 Nbd7 11. Nbd2 Rc8 12. e4 dxe4 13. Nxe4 Nxe4 14. Qxe4 b5 15. c5 b4 16. Rfe1 Nf6 17. Qc2 Nd5 18. Bd2 Bb5 19. Ne5 a5 20. Bxd5 Qxd5 21. Be3 Ra8 22. Nc4 Bxc4 23. bxc4 Qf3 24. Qa4 Bf6 25. Rad1 Rfd8 26. Rd3 h5 27. Qd1 Qxd1 28. Rexd1 a4 29. Rb1 Rab8 30. Kf1 g5 31. Ke2 Kg7 32. Kd2 e5 33. dxe5 Bxe5 34. Bxg5 f6 35. Bf4 Bxf4+ 36. gxf4 Rxd3+ 37. Kxd3 Kg6 38. Kc2 Kf5 39. Rd1 Re8 40. Rd6 Re2+ 41. Kb1 Ke4 42. Rxc6 Kd4 43. Kc1 Kc3 44. Kd1 Rxa2 45. Rb6 Rd2+ 46. Ke1 Rd4 47. f5 b3 48. Rxf6 b2 49. Rb6 a3 50. c6 a2 0-1

[Event "VIE-ch"]
[Site "Ho Chi Minh City"]
[Date "2013.04.15"]
[Round "2"]
[White "Pham, Duc Thang"]
[Black "Nguyen Dang Hong, Phuc"]
[Result "1-0"]
[WhiteElo "2209"]
[BlackElo "1864"]
[PlyCount "119"]
[EventDate "2013.04.15"]
[EventType "swiss"]
[EventRounds "7"]
[EventCountry "VIE"]
[SourceTitle "CBM 154 Extra"]
[Source "ChessBase"]
[SourceDate "2013.06.25"]
[SourceVersion "2"]
[SourceVersionDate "2013.06.25"]
[SourceQuality "1"]

1. d4 Nf6 2. Nf3 g6 3. Bf4 Bg7 4. Nbd2 d6 5. h3 0-0 6. e3 Nbd7 7. Be2 b6 8. 0-0 Bb7 9. a4 a6 10. Bh2 c5 11. c3 cxd4 12. exd4 Rc8 13. Re1 Re8 14. Bc4 Nf8 15. Qe2 Ra8 16. Qf1 h6 17. Bd3 Qc7 18. Re3 Nd5 19. Re2 Qd7 20. Nc4 Ne6 21. Ree1 Nec7 22. Nfd2 Bf8 23. f4 f5 24. Nf3 e6 25. Bg3 Kh7 26. Ncd2 Nf6 27. Qf2 Rab8 28. c4 Bc6 29. b3 Bg7 30. Rac1 Ng8 31. Qe3 Ne7 32. Bh4 Ng8 33. Bf2 Ne7 34. Qe2 Bb7 35. Bb1 Bc6 36. Qd3 Ba8 37. Re2 Kg8 38. Rce1 Kh7 39. g4 Nc6 40. Nh4 Ne7 41. d5 exd5 42. gxf5 Nxf5 43. Nxf5 Qxf5 44. Qxf5 gxf5 45. Re7 Rxe7 46. Rxe7 Ne8 47. Bxf5+ Kh8 48. Bxb6 Bc6 49. a5 Nf6 50. Nf3 dxc4 51. Nh4 cxb3 52. Ng6+ Kg8 53. Re3 b2 54. Ne7+ Kh8 55. Nxc6 Rb7 56. Re2 Nd5 57. Re8+ Bf8 58. Rxf8+ Kg7 59. Rb8 Rf7 60. Bd4+ 1-0

[Event "Ho Chi Minh City HD Bank op 3rd"]
[Site "Ho Chi Minh City"]
[Date "2013.03.23"]
[Round "7"]
[White "Ton, Nu Hong An"]
[Black "Nguyen Dang Hong, Phuc"]
[Result "0-1"]
[WhiteElo "1982"]
[BlackElo "1857"]
[PlyCount "68"]
[EventDate "2013.03.19"]
[EventType "swiss"]
[EventRounds "9"]
[EventCountry "VIE"]
[SourceTitle "CBM 153 Extra"]
[Source "ChessBase"]
[SourceDate "2013.04.22"]
[SourceVersion "1"]
[SourceVersionDate "2013.04.22"]
[SourceQuality "1"]

1. d4 Nf6 2. c4 g6 3. Nc3 Bg7 4. e4 d6 5. f3 0-0 6. Be3 Nc6 7. Qd2 e5 8. d5 Nd4 9. Bxd4 exd4 10. Nce2 Nh5 11. 0-0-0 Qh4 12. Kb1 c5 13. dxc6 bxc6 14. g3 Qe7 15. Nxd4 Bb7 16. Bg2 d5 17. cxd5 cxd5 18. exd5 Rfd8 19. Nge2 Bxd5 20. g4 Nf6 21. Nc3 Bb7 22. Rhe1 Qc7 23. g5 Nh5 24. Ndb5 Qb6 25. Qe3 Rxd1+ 26. Nxd1 Qxb5 27. h4 Rd8 28. Nc3 Bxc3 29. Qxc3 Bc8 30. Bf1 Bf5+ 31. Ka1 Qd7 32. a3 Be6 33. Kb1 Qa4 34. Rc1 Qb3 0-1

[Event "Ho Chi Minh City HD Bank op 3rd"]
[Site "Ho Chi Minh City"]
[Date "2013.03.22"]
[Round "6"]
[White "Nguyen Dang Hong, Phuc"]
[Black "Wolfaardt, Francois"]
[Result "1-0"]
[WhiteElo "1857"]
[BlackElo "1783"]
[PlyCount "79"]
[EventDate "2013.03.19"]
[EventType "swiss"]
[EventRounds "9"]
[EventCountry "VIE"]
[SourceTitle "CBM 153 Extra"]
[Source "ChessBase"]
[SourceDate "2013.04.22"]
[SourceVersion "1"]
[SourceVersionDate "2013.04.22"]
[SourceQuality "1"]

1. d4 d6 2. Nf3 Nf6 3. g3 Bg4 4. Bg2 Nbd7 5. 0-0 e5 6. c3 h6 7. Qb3 Rb8 8. Re1 Be7 9. Be3 0-0 10. dxe5 Be6 11. exf6 Bxb3 12. fxe7 Qxe7 13. axb3 Ra8 14. h4 a6 15. Nbd2 Nf6 16. Bd4 c5 17. Bxf6 Qxf6 18. e4 Rfe8 19. Nh2 Re7 20. Ng4 Qg6 21. Ne3 Rae8 22. Nd5 Rd7 23. Bh3 Rdd8 24. Bf5 Qh5 25. Nf4 Qxf5 26. exf5 Re5 27. g4 Rde8 28. Rxe5 dxe5 29. Nd5 Kf8 30. Ne4 Rc8 31. c4 f6 32. Ra5 b5 33. Rxa6 bxc4 34. bxc4 Rb8 35. Nxc5 Rxb2 36. Ne6+ Kg8 37. Ra8+ Kh7 38. Nf8+ Kg8 39. Ng6+ Kf7 40. Nh8# 1-0

[Event "ASEAN-ch U12 13th"]
[Site "Hue"]
[Date "2012.06.16"]
[Round "6"]
[White "Liu, Xiangyi"]
[Black "Nguyen Dang Hong, Phuc"]
[Result "1/2-1/2"]
[WhiteElo "2091"]
[BlackElo "1783"]
[PlyCount "120"]
[EventDate "2012.06.11"]
[EventType "swiss"]
[EventRounds "9"]
[EventCountry "VIE"]
[SourceTitle "CBM 149 Extra"]
[Source "ChessBase"]
[SourceDate "2012.08.24"]
[SourceVersion "1"]
[SourceVersionDate "2012.08.24"]
[SourceQuality "1"]

1. e4 c5 2. g3 d6 3. Bg2 Nf6 4. c3 e5 5. Nf3 Nc6 6. d3 Be7 7. 0-0 0-0 8. a3 a5 9. a4 h6 10. Re1 Be6 11. Na3 Re8 12. Nc4 Qc7 13. b3 Rab8 14. Na3 Na7 15. c4 Nd7 16. Nd2 Rf8 17. Bb2 f5 18. exf5 Bxf5 19. Ne4 Nf6 20. Nc3 Nc6 21. Nc2 Qd7 22. Ne3 Bh3 23. Ne4 Kh8 24. Bc3 b6 25. Qf3 Bxg2 26. Qxg2 Rf7 27. Nxf6 Bxf6 28. Rf1 Ne7 29. h4 Rbf8 30. Qe4 Qc6 31. Kg2 Rd8 32. Rae1 Kg8 33. Qxc6 Nxc6 34. Nd5 Rb8 35. f4 Nd4 36. Bxd4 cxd4 37. Kh3 Re8 38. g4 Bd8 39. fxe5 Rxf1 40. Rxf1 dxe5 41. Re1 Kf7 42. Kg3 Ke6 43. h5 Rf8 44. b4 axb4 45. Nxb4 Kd6 46. Nd5 Rf7 47. Rb1 Kc6 48. Rb5 Rf8 49. Nb4+ Kd6 50. Na6 Kc6 51. Nb8+ Kc7 52. Na6+ Kc6 53. c5 bxc5 54. Nxc5 Bf6 55. Ne4 Ra8 56. Rc5+ Kd7 57. Rc4 Be7 58. Nd2 Bd6 59. Ne4 Be7 60. Kh3 Rf8 1/2-1/2

[Event "ASEAN-ch U12 13th"]
[Site "Hue"]
[Date "2012.06.15"]
[Round "5"]
[White "Nguyen, Thai Duong"]
[Black "Nguyen Dang Hong, Phuc"]
[Result "0-1"]
[WhiteElo "1762"]
[BlackElo "1783"]
[PlyCount "106"]
[EventDate "2012.06.11"]
[EventType "swiss"]
[EventRounds "9"]
[EventCountry "VIE"]
[SourceTitle "CBM 149 Extra"]
[Source "ChessBase"]
[SourceDate "2012.08.24"]
[SourceVersion "1"]
[SourceVersionDate "2012.08.24"]
[SourceQuality "1"]

1. e4 c5 2. Nc3 g6 3. Bc4 Bg7 4. f4 d6 5. Nf3 Nc6 6. 0-0 e6 7. d3 Nge7 8. Qe1 Nd4 9. Nxd4 Bxd4+ 10. Kh1 0-0 11. Ne2 Bg7 12. Ng3 Kh8 13. Rb1 d5 14. Bb3 b5 15. c3 a5 16. Bc2 Bd7 17. Qf2 Rc8 18. Be3 Qc7 19. Rfc1 f5 20. e5 g5 21. d4 gxf4 22. Bxf4 Ng6 23. Nh5 Nxf4 24. Qxf4 Be8 25. Ng3 Qf7 26. Bd1 Qg6 27. Qh4 Qh6 28. Qe7 Rf7 29. Qd6 cxd4 30. Bh5 Rd7 31. Qa6 Rdd8 32. Bxe8 Rxe8 33. Qxb5 Bxe5 34. Nf1 dxc3 35. bxc3 Re7 36. c4 Rec7 37. c5 Bf4 38. Rc3 Qf8 39. Rf3 Rxc5 40. Qe2 Qd6 41. Re1 R8c6 42. Qb2+ d4 43. Rd1 Be5 44. Qb7 Qc7 45. Qb3 Rc3 46. Rxc3 dxc3 47. Rc1 Qb6 48. Qa3 Qb4 49. Qxb4 axb4 50. Rc2 Kg7 51. Ne3 Kf6 52. g4 f4 53. Ng2 Rd6 0-1

[Event "Ho Chi Minh City HD Bank op 2nd"]
[Site "Ho Chi Minh City"]
[Date "2012.03.04"]
[Round "5"]
[White "Nguyen Dang Hong, Phuc"]
[Black "Do, Thi Thuong"]
[Result "1-0"]
[WhiteElo "1765"]
[BlackElo "2091"]
[PlyCount "103"]
[EventDate "2012.03.02"]
[EventType "swiss"]
[EventRounds "9"]
[EventCountry "VIE"]
[SourceTitle "CBM 147 Extra"]
[Source "ChessBase"]
[SourceDate "2012.04.24"]
[SourceVersion "1"]
[SourceVersionDate "2012.04.24"]
[SourceQuality "1"]

1. d4 g6 2. g3 Bg7 3. Bg2 Nf6 4. Nf3 0-0 5. c4 d6 6. Nc3 Nbd7 7. 0-0 Rb8 8. e4 c5 9. d5 a6 10. a4 Ng4 11. Bd2 Nge5 12. Nxe5 Nxe5 13. Qe2 Bd7 14. b3 b5 15. axb5 axb5 16. Nxb5 Bxb5 17. cxb5 Qb6 18. Ra5 Nd7 19. Bh3 Nf6 20. Rb1 Rb7 21. Bf1 Rfb8 22. Ra6 Qc7 23. Rc6 Qd7 24. Qf3 Qg4 25. Qxg4 Nxg4 26. Kg2 Bd4 27. Be1 Nf6 28. f3 Nd7 29. Rc1 Ra8 30. Rc2 Kg7 31. f4 Ra3 32. Bc4 Nb6 33. Bf2 Bxf2 34. Kxf2 Nd7 35. Ra6 Ra7 36. Rxa7 Rxa7 37. Ke2 Kf6 38. Kd3 Ra1 39. Kc3 h6 40. Rf2 e6 41. g4 Ke7 42. dxe6 fxe6 43. f5 gxf5 44. exf5 exf5 45. gxf5 Ra8 46. Rg2 Nb6 47. Rg7+ Kf6 48. Rg6+ Kxf5 49. Rxd6 Rb8 50. Rxh6 Kg5 51. Rc6 Nd7 52. Rc7 1-0

[Event "Ho Chi Minh City HD Bank op 2nd"]
[Site "Ho Chi Minh City"]
[Date "2012.03.02"]
[Round "2"]
[White "Bao, Khoa"]
[Black "Nguyen Dang Hong, Phuc"]
[Result "1-0"]
[WhiteElo "2221"]
[BlackElo "1765"]
[PlyCount "129"]
[EventDate "2012.03.02"]
[EventType "swiss"]
[EventRounds "9"]
[EventCountry "VIE"]
[SourceTitle "CBM 147 Extra"]
[Source "ChessBase"]
[SourceDate "2012.04.24"]
[SourceVersion "1"]
[SourceVersionDate "2012.04.24"]
[SourceQuality "1"]

1. d4 Nf6 2. c4 g6 3. Nc3 Bg7 4. e4 d6 5. Nf3 0-0 6. Bd3 e5 7. d5 Nbd7 8. Rb1 a5 9. a3 Nh5 10. 0-0 b6 11. Bc2 Nf4 12. Re1 h6 13. Be3 g5 14. Ne2 Nxe2+ 15. Qxe2 Qe7 16. Nd2 Nf6 17. Nf1 a4 18. Ng3 Bd7 19. Qd1 Rfe8 20. Ne2 Ra7 21. Qd2 Ng4 22. h3 Nxe3 23. Qxe3 Rea8 24. Ng3 f6 25. Bd1 Ra5 26. Qd3 Rf8 27. Bg4 Rf7 28. Bxd7 Qxd7 29. Nf5 Bf8 30. h4 Rh7 31. g3 Qf7 32. hxg5 fxg5 33. Kg2 Qf6 34. Rh1 Ra8 35. Rh3 Rd8 36. Rbh1 Qg6 37. Qd1 Ra8 38. Qg4 Ra5 39. Rh5 Rc5 40. Qe2 Qf6 41. Ne3 Qg6 42. Qg4 Ra5 43. Rc1 Rc5 44. Nf5 Ra5 45. f4 exf4 46. gxf4 Qf6 47. Rc2 Kh8 48. fxg5 hxg5 49. Kf3 Rxh5 50. Qxh5+ Kg8 51. Rg2 Be7 52. Qe8+ Bf8 53. Qe6+ Qxe6 54. dxe6 Re5 55. Rxg5+ Kh7 56. e7 Bxe7 57. Rg7+ Kh8 58. Rxe7 Rc5 59. Ne3 b5 60. cxb5 Rxb5 61. Rxc7 Rxb2 62. Ra7 Rb3 63. Rxa4 Kg7 64. Ra6 Rd3 65. Kf4 1-0

[Event "Ho Chi Minh Maika-A 03"]
[Site "Ho Chi Minh City"]
[Date "2010.??.??"]
[Round "7"]
[White "Le Hien, Thuc"]
[Black "Nguyen Dang Hong, Phuc"]
[Result "1-0"]
[WhiteElo "2191"]
[BlackElo "1766"]
[PlyCount "91"]
[EventDate "2010.03.05"]
[EventType "tourn"]
[EventRounds "9"]
[EventCountry "VIE"]
[SourceTitle "EXT 2012"]
[Source "ChessBase"]
[SourceDate "2011.11.24"]
[SourceVersion "1"]
[SourceVersionDate "2011.11.24"]
[SourceQuality "1"]

1. d4 Nf6 2. c4 g6 3. Nc3 Bg7 4. e4 d6 5. f3 Nc6 6. Be3 0-0 7. Qd2 e5 8. Nge2 exd4 9. Nxd4 Qe7 10. 0-0-0 Nxd4 11. Bxd4 Be6 12. Kb1 Rfd8 13. Be2 c6 14. Rhe1 c5 15. Be3 a6 16. Bf4 Ne8 17. Bg5 Bf6 18. Bxf6 Qxf6 19. f4 Nc7 20. g4 b5 21. g5 Qe7 22. Nd5 Bxd5 23. exd5 Qd7 24. h4 bxc4 25. Bxc4 Nb5 26. h5 Qf5+ 27. Bd3 Qxd5 28. Qa5 Qb7 29. h6 Qc7 30. Qa4 Qb6 31. Qb3 d5 32. Bxb5 Qxb5 33. Rxd5 Qxb3 34. Rxd8+ Rxd8 35. axb3 Kf8 36. Re5 Rd3 37. Rxc5 Rxb3 38. Rc8+ Ke7 39. Rh8 Rf3 40. Rxh7 Rxf4 41. Rh8 Rh4 42. Ra8 f6 43. h7 Rh1+ 44. Kc2 Rh2+ 45. Kd3 Rh3+ 46. Ke2 1-0